000
00300nam a22001337a 4500
008
181031b xxu||||| |||| 00| 0 eng d
020
_a
9781591952039
041
_a
eng
080
_2
15th
_a
610
100
_a
4
101
_a
SHM
245
_a
Drug Information Handbook
_c
Lacy,Ch.F
942
_2
udc
_c
BK
999
_c
51304
_d
51304